| 000 | 00452nam a2200169Ia 4500 | ||
|---|---|---|---|
| 999 |
_c12779 _d12779 |
||
| 003 | OSt | ||
| 005 | 20201005112758.0 | ||
| 008 | 190216s9999||||xx |||||||||||||| ||und|| | ||
| 040 | _coclc | ||
| 082 |
_a813.54 _bHAI/S |
||
| 100 |
_aHaily, Arthur _94770 |
||
| 245 | 0 |
_aSurgeon / _cArthur Haily |
|
| 260 |
_bPocket books pvt ltd. _aNewyork: |
||
| 300 | _a348p | ||
| 650 | _aNovel | ||
| 942 |
_cBK _2ddc _h813.54 _iHAI/S _k813.54 _mHAI/S |
||